000 00639nam a2200253Ia 4500
003 OSt
005 20220918163209.0
006 a|||||r|||| 00| 0
007 ta
008 220917b |||||||| |||| 00| 0 eng d
020 _a0 223 96702 8
024 _a29,474
037 _cTextual
040 _aARTS
_cARTS
_beng
041 _2eng
_aeng
082 _aO111,3N32,1, L5
100 _aNaipaul V S
_911941
245 0 _aGuerrillsa
260 _aLondon
_bAndre UK
_c1975
300 _a253p.
_ccm.
650 _aENGLISH LITERATURE
942 _hO111,3N32,1, L5
_cTEXL
_2CC
999 _c118387
_d118387